skbl

Dr Suryya Kumar Bhuyan Library Web-OPAC
ডঃ সূৰ্য্য
কুমাৰ ভূঞা পুথিভঁৰাল ৱেব-অ'পেক

All Research Scholars are advised to clear the annual library fees to continue using Library Resources, Remote Access, Plagiarism Test and Library Clearance.

Cotton University Book Fair 2026

Maps and Diagrams / (Record no. 8247)

MARC details
000 -LEADER
fixed length control field 00731nam a2200241Ia 4500
001 - CONTROL NUMBER
control field 8260
008 - FIXED-LENGTH DATA ELEMENTS--GENERAL INFORMATION
fixed length control field 180315s1964 ii a g b000 u 465 u
082 ## - DEWEY DECIMAL CLASSIFICATION NUMBER
Classification number 912
100 ## - MAIN ENTRY--PERSONAL NAME
Personal name Monkhouse, E.J..
245 #0 - TITLE STATEMENT
Title Maps and Diagrams /
Statement of responsibility, etc. E.J.Monkhouse & H.R.Wilkinson.
Medium Textual Documents
250 ## - EDITION STATEMENT
Edition statement 2nd ed. /
260 ## - PUBLICATION, DISTRIBUTION, ETC.
Place of publication, distribution, etc. London :
Name of publisher, distributor, etc. University Paperbacks ,
Date of publication, distribution, etc. 1964.
300 ## - PHYSICAL DESCRIPTION
Extent 428p. :
Other physical details ill ;
Dimensions 22cm .
504 ## - BIBLIOGRAPHY, ETC. NOTE
Bibliography, etc. note Index
653 ## - INDEX TERM--UNCONTROLLED
Uncontrolled term Geography-Maps & Diagrams
653 ## - INDEX TERM--UNCONTROLLED
Uncontrolled term Maps
653 ## - INDEX TERM--UNCONTROLLED
Uncontrolled term Atlases
653 ## - INDEX TERM--UNCONTROLLED
Uncontrolled term PG-Geography
653 ## - INDEX TERM--UNCONTROLLED
Uncontrolled term G-Geography
700 ## - ADDED ENTRY--PERSONAL NAME
Personal name Wilkinson, H.R. .
856 ## - ELECTRONIC LOCATION AND ACCESS
Uniform Resource Identifier <a href="Acc No 80778 ,This Book is Not Available. It is Replaced Against Acc No 80778/R, Land of The Seven River.">Acc No 80778 ,This Book is Not Available. It is Replaced Against Acc No 80778/R, Land of The Seven River.</a>
942 ## - ADDED ENTRY ELEMENTS (KOHA)
Source of classification or shelving scheme Dewey Decimal Classification
Koha item type Books
Holdings
Withdrawn status Lost status Damaged status Not for loan Home library Current library Date acquired Coded location qualifier Total checkouts Full call number Barcode Date last seen Copy number Price effective from Koha item type Collection Shelving location
        Dr. Suryya Kumar Bhuyan Library Dr. Suryya Kumar Bhuyan Library 01/02/2012 00000   912 Mo 74 Ma 82778 13/01/2024 5 01/02/2012 Books    
        Dr. Suryya Kumar Bhuyan Library Dr. Suryya Kumar Bhuyan Library 01/02/2012 00000   912 Mo 74 Ma 362/Geo 13/01/2024 4 01/02/2012 Books    
        Dr. Suryya Kumar Bhuyan Library Dr. Suryya Kumar Bhuyan Library 01/02/2012 00000   912 Mo 74 Ma 56021 13/01/2024 1 01/02/2012 Books    
        Dr. Suryya Kumar Bhuyan Library Dr. Suryya Kumar Bhuyan Library 01/02/2012 00000   912 Mo 74 Ma 80776 13/01/2024 3 01/02/2012 Books    
        Dr. Suryya Kumar Bhuyan Library Dr. Suryya Kumar Bhuyan Library 01/02/2012 00000   912 Mo 74 Ma 80778 13/01/2024 2 01/02/2012 Books    

Designed and Maintained by Team SKBL
©1901-2026

Powered by Koha